| 000 | 00741nam a2200217 i 4500 | ||
|---|---|---|---|
| 001 | 170249 | ||
| 003 | ES-MaACL | ||
| 005 | 20250804082048.0 | ||
| 008 | 090216s1969 ne |||| | eng d | ||
| 080 | _a164 | ||
| 100 | 0 |
_aSuppes, Patrick. _9108808 |
|
| 245 | 1 | 0 |
_aIntroduction to logic / _cby Patrick Suppes. |
| 260 |
_aNew York : _bVan Nostrand Reinhold, _c1969. |
||
| 300 |
_aXVIII, 312 p. ; _c23 cm. |
||
| 490 | 1 |
_aInternational student editions. Mathematics ; _v18 |
|
| 500 | _aÍndice. | ||
| 650 | 7 |
_aLógica matemática _2embne _914697 |
|
| 830 | 0 |
_aInternational student editions. Mathematics ; _v18 _9222998 |
|
| 852 | 4 |
_aES-MaACL _jE-12463 _9R.140597 _z. - Biblioteca Jacinto Martínez Lacalle |
|
| 999 |
_c170249 _d170249 |
||